Návrh evidenčného systému pre spravovanie majetku : Bakalárska práca
Saved in:
| Main Author: | |
|---|---|
| Other Authors: | |
| Format: | Manuscript Book |
| Language: | Slovak |
| Published: |
Trnava :
STU v Bratislave MtF KAIA,
2003
|
| Subjects: | |
| Tags: |
No Tags, Be the first to tag this record!
|
MARC
| LEADER | 00000ntm a22000003a 4500 | ||
|---|---|---|---|
| 001 | stu83090 | ||
| 005 | 20150617225634.8 | ||
| 008 | 040109s2003----xo------------------slo-d | ||
| 040 | |a STU |b slo | ||
| 041 | 0 | |a slo | |
| 044 | |a xo | ||
| 100 | 1 | |a Varga, Tibor, |d 1977- |4 aut |u A2120 |U FAD Fakulta architektúry |T FA Ústav ekologickej a experimentálnej architektúry |X 337 |U A2120 |Y 393 |7 A000000337 | |
| 245 | 1 | |a Návrh evidenčného systému pre spravovanie majetku : |b Bakalárska práca | |
| 260 | |a Trnava : |b STU v Bratislave MtF KAIA, |c 2003 | ||
| 300 | |a 36 s |c príl | ||
| 650 | 7 | |a evidenčné systémy |2 stusub | |
| 650 | 7 | |a aplikovaná informatika a informačné systémy |2 stusub | |
| 700 | 1 | |a Pavlinova, Jevgenija |4 xxx |u M180 |U MTF Materiálovotechnologická fakulta |T MTF Katedra aplikovanej informatiky a automatizácie |X 244 |U M180 |Y 166 |7 A000000244 | |
| 996 | |b 284M054740 |c M*BP-140 |l MMSKP |s P |a 0 |w stu83090_0001 | ||